[Event "Team men HL chess"]
[Site "?"]
[Date "2015.05.05"]
[Round "5.10"]
[White "Skomorokhin, Vadim"]
[Black "Pogosian, Georgy"]
[Result "1/2-1/2"]
[WhiteElo "2342"]
[BlackElo "2232"]
[PlyCount "96"]
[EventDate "2015.05.01"]

1. d4 d5 2. Bg5 f6 3. Bh4 c5 4. c3 Nc6 5. e3 Qb6 6. b3 Bf5 7. g4 Be4 8. f3 Bg6
9. Bf2 e5 10. dxe5 Nxe5 11. Nh3 Nxf3+ 12. Qxf3 Be4 13. Qe2 Bxh1 14. Nd2 O-O-O
15. O-O-O Bd6 16. Nf4 Qa5 17. Kb2 Be5 18. Rc1 Ne7 19. g5 Kb8 20. Nd3 Bd6 21.
gxf6 gxf6 22. Bh4 c4 23. Nb4 Be5 24. Bg3 Qc7 25. Bxe5 Qxe5 26. bxc4 Nf5 27. Bh3
Be4 28. cxd5 a5 29. Nc4 Qc7 30. Bxf5 Bxf5 31. d6 Qc5 32. Nc2 Bxc2 33. Rxc2 Rc8
34. Na3 Qxd6 35. Nb5 Qe5 36. a4 Rhd8 37. Rd2 Rxd2+ 38. Qxd2 h5 39. h3 h4 40.
Qf2 Qc5 41. Qxh4 Qxe3 42. Qxf6 Qd2+ 43. Kb3 Qd1+ 44. Ka3 Qc1+ 45. Kb3 Qd1+ 46.
Ka3 Qc1+ 47. Kb3 Qb1+ 48. Ka3 Qc1+ 1/2-1/2

[Event "Team men HL chess"]
[Site "?"]
[Date "2015.05.05"]
[Round "5.10"]
[White "Parfenov, Viktor N"]
[Black "Shumilina, Alexandra"]
[Result "1/2-1/2"]
[WhiteElo "2224"]
[BlackElo "2269"]
[PlyCount "97"]
[EventDate "2015.05.01"]

1. Nf3 d5 2. c4 c6 3. d4 Nf6 4. e3 a6 5. Bd3 b5 6. b3 Bg4 7. Nbd2 e6 8. Bb2
Nbd7 9. Qc2 Qb8 10. Ne5 Nxe5 11. dxe5 Nd7 12. cxd5 cxd5 13. O-O Bb4 14. Nf3
Bxf3 15. gxf3 g6 16. Rfc1 Bc5 17. a4 b4 18. Bd4 Bxd4 19. exd4 Qa7 20. Qb2 O-O
21. Rc6 Nb8 22. Rc2 f6 23. Rac1 a5 24. Rc7 Qb6 25. Qd2 Ra7 26. Rc8 Raf7 27. Bb5
Qb7 28. Rxf8+ Rxf8 29. Qf4 f5 30. Qg5 Kg7 31. Rc5 h6 32. Qc1 Rf7 33. Rc8 Na6
34. Bxa6 Qxa6 35. Qc6 Qxc6 36. Rxc6 Ra7 37. Rxe6 Rc7 38. Rd6 Rc3 39. Rxd5 Rxb3
40. Rxa5 Rd3 41. Rb5 Rxd4 42. a5 Rd1+ 43. Kg2 Ra1 44. f4 g5 45. Rb7+ Kg6 46. e6
Rxa5 47. Rxb4 Ra7 48. Rb6 Re7 49. fxg5 1/2-1/2

[Event "Team men HL chess"]
[Site "?"]
[Date "2015.05.06"]
[Round "6.1"]
[White "Goganov, Aleksey"]
[Black "Chigaev, Maksim"]
[Result "1-0"]
[WhiteElo "2612"]
[BlackElo "2497"]
[PlyCount "129"]
[EventDate "2015.05.01"]

1. Nf3 c5 2. c4 Nc6 3. Nc3 g6 4. e3 Bg7 5. d4 d6 6. d5 Ne5 7. Nxe5 Bxe5 8. Bd3
Bg7 9. e4 Nf6 10. O-O O-O 11. h3 e6 12. Bg5 h6 13. Be3 e5 14. Qd2 g5 15. Be2
Kh7 16. Qd1 Ng8 17. Bg4 Ne7 18. Rb1 f5 19. exf5 Bxf5 20. b4 cxb4 21. Rxb4 b6
22. a4 Bg6 23. a5 Nf5 24. Bxf5 Bxf5 25. axb6 axb6 26. Rxb6 Qd7 27. Qb3 Rf7 28.
Nb5 Bxh3 29. gxh3 Rf3 30. Qd3+ Kh8 31. Qe4 Qxh3 32. Nxd6 Raf8 33. Rfb1 Rg3+ 34.
fxg3 Qxg3+ 35. Kh1 Qh3+ 36. Kg1 Qg3+ 37. Kh1 Qh3+ 38. Kg1 Qg3+ 39. Qg2 Qxe3+
40. Kh1 Rf4 41. Nf5 Rxf5 42. R6b3 Qd4 43. Rf1 Qh4+ 44. Rh3 Rxf1+ 45. Qxf1 Qe4+
46. Kh2 Qd4 47. Rb3 Qh4+ 48. Rh3 Qd4 49. Rb3 Qh4+ 50. Kg2 Qg4+ 51. Kh2 Qh4+ 52.
Rh3 Qd4 53. Qe2 Qf4+ 54. Kg2 e4 55. Re3 Be5 56. Rxe4 Qh2+ 57. Kf1 Qh1+ 58. Kf2
Qh2+ 59. Ke1 Qg3+ 60. Kf1 Qh3+ 61. Kg1 Qg3+ 62. Qg2 Qd3 63. Qg4 Qb1+ 64. Kg2
Qb8 65. Qe2 1-0

[Event "Team men HL chess"]
[Site "?"]
[Date "2015.05.06"]
[Round "6.1"]
[White "Levin, Evgeny A"]
[Black "Yudin, Sergei"]
[Result "1/2-1/2"]
[WhiteElo "2529"]
[BlackElo "2520"]
[PlyCount "113"]
[EventDate "2015.05.01"]

1. d4 d5 2. c4 e6 3. Nc3 c6 4. e3 Bd6 5. Nf3 f5 6. Ne5 Nf6 7. f4 O-O 8. Be2 b6
9. O-O Bb7 10. cxd5 cxd5 11. Bd2 Nc6 12. Rc1 Ne7 13. Qb3 a6 14. Na4 b5 15. Nc5
Bxc5 16. Rxc5 Ne4 17. Rc2 Nxd2 18. Rxd2 Nc6 19. Nxc6 Bxc6 20. Rc2 Qd6 21. Rfc1
Bd7 22. Rc5 Rfc8 23. Qb4 Kf7 24. Qa5 Rxc5 25. Rxc5 Rc8 26. b4 h6 27. Kf2 Ke7
28. Rxc8 Bxc8 29. a4 bxa4 30. Qxa4 Bb7 31. Qa5 Kf7 32. Qc5 Qd7 33. Ke1 Kg6 34.
Qb6 Qc8 35. Kd2 Kh7 36. g4 fxg4 37. Bxg4 Bc6 38. Be2 Bb7 39. Qd6 Kg8 40. Qe7
Bc6 41. Bd3 Be8 42. Qc5 Bc6 43. e4 Qe8 44. exd5 Bxd5 45. Bxa6 Qh5 46. Qc8+ Kf7
47. Qc7+ Kf8 48. Qd8+ Kf7 49. h4 Qf3 50. Qc7+ Kf8 51. Be2 Qf2 52. Qc8+ Kf7 53.
Qc7+ Kf8 54. Qc8+ Kf7 55. Qc7+ Kf8 56. Qb8+ Kf7 57. Qc7+ 1/2-1/2

[Event "Team men HL chess"]
[Site "?"]
[Date "2015.05.06"]
[Round "6.1"]
[White "Pogromsky, Mikhail"]
[Black "Usmanov, Vasily"]
[Result "1/2-1/2"]
[WhiteElo "2428"]
[BlackElo "2460"]
[PlyCount "65"]
[EventDate "2015.05.01"]

1. Nf3 Nf6 2. c4 e6 3. g3 a6 4. b3 b5 5. Na3 Bb7 6. Bg2 b4 7. Nc2 c5 8. Ne3 Nc6
9. Bb2 Be7 10. O-O O-O 11. d4 cxd4 12. Nxd4 Qb6 13. Nxc6 dxc6 14. Qd4 c5 15.
Qe5 Bxg2 16. Kxg2 Rfd8 17. Rad1 Rxd1 18. Rxd1 Rd8 19. Rxd8+ Qxd8 20. Qf4 h5 21.
Nf1 Qa5 22. Bxf6 Bxf6 23. Qd2 Bc3 24. Qc2 g6 25. Nd2 Bxd2 26. Qxd2 Qc7 27. h4
Kf8 28. Qh6+ Kg8 29. Qd2 Kf8 30. Qh6+ Kg8 31. Qd2 Kf8 32. Qh6+ Kg8 33. Qd2
1/2-1/2

[Event "Team men HL chess"]
[Site "?"]
[Date "2015.05.06"]
[Round "6.1"]
[White "Palchun, Grigory"]
[Black "Vokarev, Sergey"]
[Result "0-1"]
[WhiteElo "2299"]
[BlackElo "2456"]
[PlyCount "108"]
[EventDate "2015.05.01"]

1. d4 Nf6 2. Nf3 e6 3. Bg5 c5 4. e3 h6 5. Bh4 d5 6. c3 Nbd7 7. Nbd2 Bd6 8. Bd3
O-O 9. O-O b6 10. e4 cxd4 11. cxd4 dxe4 12. Nxe4 Be7 13. Bg3 Nh5 14. Ne5 Nxg3
15. Nc6 Qe8 16. hxg3 Bb7 17. Nxe7+ Qxe7 18. Rc1 Rac8 19. Qa4 Bxe4 20. Bxe4 Nf6
21. Bf3 Rc7 22. Rc4 Rd8 23. b3 g6 24. Rfc1 Rcd7 25. Rc8 Kg7 26. Rxd8 Qxd8 27.
Rc4 h5 28. Bc6 Rd6 29. Bf3 a5 30. Kh2 Ng4+ 31. Bxg4 hxg4 32. b4 Rxd4 33. b5 e5
34. Qb3 Rd3 35. Qa4 Rd4 36. Qb3 Rd3 37. Qa4 Rd2 38. Rxg4 Rxf2 39. Qe4 Qf6 40.
Rh4 Rf5 41. Qe2 Rg5 42. Rc4 Rh5+ 43. Kg1 Qd6 44. g4 Rh8 45. g5 Rh5 46. Qe3 Qd5
47. Rc6 Rh4 48. Rc1 Qxb5 49. Qg3 Qb2 50. Rd1 Rf4 51. Qe3 Qb5 52. Qh3 Qc5+ 53.
Kh2 Rd4 54. Re1 Qb4 0-1

[Event "Team men HL chess"]
[Site "?"]
[Date "2015.05.06"]
[Round "6.2"]
[White "Kiriakov, Petr"]
[Black "Iljiushenok, Ilia"]
[Result "0-1"]
[WhiteElo "2535"]
[BlackElo "2485"]
[PlyCount "62"]
[EventDate "2015.05.01"]

1. d4 Nf6 2. c4 g6 3. Nc3 Bg7 4. e4 d6 5. Nf3 Bg4 6. Be2 O-O 7. Be3 Nfd7 8. Rc1
e5 9. d5 a5 10. h3 Bxf3 11. Bxf3 Na6 12. h4 f5 13. h5 f4 14. Bd2 g5 15. Bg4 Bh6
16. Qe2 Nac5 17. b3 Kh8 18. Rb1 c6 19. g3 Nf6 20. Bf5 g4 21. f3 cxd5 22. cxd5
b5 23. Qxb5 gxf3 24. Qf1 Nfxe4 25. Bxe4 fxg3 26. Rh3 g2 27. Qf2 g1=R+ 28. Qxg1
f2+ 29. Qxf2 Rxf2 30. Bxh6 Qf6 31. Be3 Rf8 0-1

[Event "Team men HL chess"]
[Site "?"]
[Date "2015.05.06"]
[Round "6.2"]
[White "Nozdrachev, Vladislav"]
[Black "Zablotsky, Sergei"]
[Result "1/2-1/2"]
[WhiteElo "2476"]
[BlackElo "2525"]
[PlyCount "106"]
[EventDate "2015.05.01"]

1. e4 d6 2. d4 Nf6 3. Bd3 e5 4. c3 Nc6 5. Nf3 g6 6. O-O Bg7 7. h3 O-O 8. Re1
Nh5 9. Bg5 Qe8 10. Na3 a6 11. Be3 Qe7 12. b4 exd4 13. Nxd4 Ne5 14. Bf1 Nf6 15.
Bg5 h6 16. Bh4 c5 17. bxc5 dxc5 18. f4 cxd4 19. fxe5 Qxe5 20. cxd4 Qf4 21. g3
Qb8 22. g4 b5 23. Nc2 Re8 24. Qf3 Qb6 25. Bf2 Bb7 26. d5 Qd6 27. Nd4 Qe5 28.
Bg2 h5 29. Nc6 hxg4 30. hxg4 Qg5 31. Na5 Bc8 32. e5 Nxg4 33. e6 fxe6 34. dxe6
Nxf2 35. Qxa8 Nh3+ 36. Kh1 Nf2+ 37. Kg1 Ng4 38. Qd5 Qxd5 39. Bxd5 Bxa1 40. Rxa1
Nf6 41. Bc6 Rxe6 42. a4 bxa4 43. Bxa4 Rb6 44. Nc4 Rb4 45. Ne5 Kg7 46. Bc2 g5
47. Bd3 Rb6 48. Rc1 Be6 49. Rc7+ Kh6 50. Ra7 Bc8 51. Rc7 Be6 52. Ra7 Bc8 53.
Rc7 Be6 1/2-1/2

[Event "Team men HL chess"]
[Site "?"]
[Date "2015.05.06"]
[Round "6.2"]
[White "Anikonov, Dmitry"]
[Black "Prizant, Jaroslav"]
[Result "1/2-1/2"]
[WhiteElo "2320"]
[BlackElo "2511"]
[PlyCount "54"]
[EventDate "2015.05.01"]

1. d4 Nf6 2. c4 g6 3. Nc3 Bg7 4. e4 d6 5. Be2 O-O 6. Be3 a6 7. g4 c5 8. g5 Nfd7
9. d5 b5 10. cxb5 axb5 11. Bxb5 Bxc3+ 12. bxc3 Qa5 13. a4 Ba6 14. Bxa6 Qxa6 15.
Nf3 Nb6 16. a5 N8d7 17. Qe2 Nc4 18. Nd2 Nde5 19. Nxc4 Qxc4 20. Qxc4 Nxc4 21.
Ke2 Rfb8 22. Ra4 Rb2+ 23. Kf3 Nb6 24. Raa1 Nc4 25. Ra4 Nb6 26. Raa1 Nc4 27. Ra4
Nb6 1/2-1/2

[Event "Team men HL chess"]
[Site "?"]
[Date "2015.05.06"]
[Round "6.2"]
[White "Ofitserian, Boris"]
[Black "Salinnikov, Denis Y"]
[Result "1/2-1/2"]
[WhiteElo "2259"]
[BlackElo "2374"]
[PlyCount "91"]
[EventDate "2015.05.01"]

1. d4 Nf6 2. Nf3 g6 3. c4 Bg7 4. Nc3 O-O 5. e4 d6 6. Be2 Na6 7. O-O c6 8. Be3
Ng4 9. Bg5 f6 10. Bc1 e5 11. h3 Nh6 12. Be3 Qe8 13. b4 Nf7 14. dxe5 dxe5 15. b5
Nc7 16. Bc5 Ne6 17. Bxf8 Bxf8 18. Re1 Bc5 19. Bf1 Nfg5 20. Nd2 Nd4 21. bxc6
bxc6 22. Nb3 Bb4 23. Rc1 Nge6 24. Re3 Qf8 25. Ne2 c5 26. Nc3 Bxc3 27. Rexc3 Bb7
28. Nd2 Rd8 29. Rb1 Bc6 30. Rb2 Qh6 31. Qb1 Rf8 32. Nb3 Qf4 33. Nd2 f5 34. g3
Qh6 35. Qe1 f4 36. Bg2 Qh5 37. g4 Qh4 38. Qf1 Ng5 39. f3 Qg3 40. Kh1 h5 41.
gxh5 gxh5 42. Rc1 Bd7 43. Nb3 Ndxf3 44. Bxf3 Qxf3+ 45. Qxf3 Nxf3 46. Nxc5
1/2-1/2

[Event "Team men HL chess"]
[Site "?"]
[Date "2015.05.06"]
[Round "6.3"]
[White "Sychev, Klementy"]
[Black "Demidov, Mikhail"]
[Result "0-1"]
[WhiteElo "2425"]
[BlackElo "2513"]
[PlyCount "78"]
[EventDate "2015.05.01"]

1. e4 e6 2. d4 d5 3. Nd2 Nc6 4. Ngf3 Nf6 5. e5 Nd7 6. Bd3 Nb4 7. Be2 c5 8. c3
Nc6 9. Bd3 h5 10. O-O g5 11. dxc5 g4 12. Nd4 Ndxe5 13. N2b3 Bg7 14. Bc2 Bd7 15.
Qe2 a6 16. f4 gxf3 17. Nxf3 Nxf3+ 18. Qxf3 Qe7 19. Qg3 Rg8 20. Qf3 Be5 21. Bf4
Bxf4 22. Qxf4 e5 23. Qf6 Bh3 24. Qxe7+ Kxe7 25. Rf2 Rg5 26. Kh1 Be6 27. Re1
Rag8 28. Nd2 e4 29. c4 dxc4 30. Nxe4 Re5 31. Rff1 Bd5 32. Ng3 Rgg5 33. Be4 Be6
34. Bxc6 Rxe1 35. Rxe1 bxc6 36. Re2 c3 37. b4 Rd5 38. Kg1 Rd2 39. Nf5+ Kf6 0-1

[Event "Team men HL chess"]
[Site "?"]
[Date "2015.05.06"]
[Round "6.3"]
[White "Chekhov, Sergei"]
[Black "Glek, Igor"]
[Result "1/2-1/2"]
[WhiteElo "2480"]
[BlackElo "2417"]
[PlyCount "94"]
[EventDate "2015.05.01"]

1. e4 c5 2. Nf3 Nc6 3. c3 e6 4. d4 d5 5. exd5 exd5 6. Bb5 Bd6 7. O-O Nge7 8.
dxc5 Bxc5 9. Nbd2 O-O 10. Nb3 Bb6 11. Re1 Bg4 12. h3 Bh5 13. Bd3 h6 14. Be3 Re8
15. Bc2 Nc8 16. Bxb6 Nxb6 17. g4 Bg6 18. Bxg6 fxg6 19. Qd3 Qf6 20. Nc5 Re7 21.
g5 hxg5 22. Rxe7 Nxe7 23. Re1 Rf8 24. Re6 Qxf3 25. Qxf3 Rxf3 26. Rxe7 Rf7 27.
Re8+ Rf8 28. Re7 Rf7 29. Re8+ Rf8 30. Rxf8+ Kxf8 31. b3 Ke7 32. Nxb7 Nd7 33.
Kg2 Ne5 34. Nc5 Kd6 35. b4 d4 36. cxd4 Nc6 37. Kg3 Nxb4 38. Kg4 Nxa2 39. Kxg5
Nc3 40. Nb3 Ne4+ 41. Kxg6 Nxf2 42. h4 Ne4 43. Kxg7 Ng3 44. Kg6 Kd5 45. Kg5 Ne4+
46. Kf4 Nf6 47. Ke3 Ke6 1/2-1/2

[Event "Team men HL chess"]
[Site "?"]
[Date "2015.05.06"]
[Round "6.3"]
[White "Alikulov, Elbek"]
[Black "Pasiev, Rakhim"]
[Result "0-1"]
[WhiteElo "2407"]
[BlackElo "2400"]
[PlyCount "176"]
[EventDate "2015.05.01"]

1. e4 c5 2. Nf3 e6 3. d4 cxd4 4. Nxd4 a6 5. c4 Nf6 6. Nc3 Qc7 7. a3 Be7 8. Be2
b6 9. O-O Bb7 10. Qd3 d6 11. f4 Nbd7 12. b4 Rc8 13. Bd2 Qb8 14. Rae1 Qa8 15.
Bd1 O-O 16. g4 b5 17. g5 Rxc4 18. gxf6 Bxf6 19. Nde2 Rd8 20. Bb3 Rcc8 21. Ng3
g6 22. Nd1 a5 23. Nf2 axb4 24. axb4 Bg7 25. Rc1 h5 26. Rxc8 Rxc8 27. Re1 h4 28.
Nf1 Qa6 29. Qh3 Nf6 30. Qxh4 Qa3 31. Qh3 Qb2 32. Re3 d5 33. e5 Nh5 34. Rd3 Ra8
35. Bd1 d4 36. Bf3 Bxf3 37. Qxf3 Ra1 38. Ne4 Bf8 39. Nf6+ Nxf6 40. exf6 Qb1 41.
h4 Bxb4 42. Bxb4 Qxb4 43. f5 exf5 44. Qf4 Qc5 45. Qb8+ Kh7 46. h5 g5 47. Qb7
Ra7 48. Qg2 Kh6 49. Rg3 d3+ 50. Kh1 Ra4 51. Rxd3 Rh4+ 52. Rh3 Rxh3+ 53. Qxh3
Qd5+ 54. Kg1 Qd4+ 55. Kg2 Qe4+ 56. Kf2 b4 57. Qb3 Qh4+ 58. Kg2 Qe4+ 59. Kf2
Qd4+ 60. Ke2 Qe5+ 61. Kf2 Qc5+ 62. Ke2 Qb5+ 63. Kf2 Qb6+ 64. Ke2 Qa6+ 65. Kf2
Qa7+ 66. Ke2 Qb7 67. Ne3 Kxh5 68. Nd5 Kg6 69. Kd3 g4 70. Kd4 Qa7+ 71. Kc4 Qa3
72. Qc2 b3 73. Qc3 Qa4+ 74. Kc5 Qa3+ 75. Kd4 Qa7+ 76. Kc4 Qb8 77. Qb2 g3 78.
Kd4 Qa7+ 79. Ke5 Qa2 80. Nf4+ Kg5 81. Qc1 Qc2 82. Ne6+ Kg4 83. Qf4+ Kh3 84.
Ng5+ Kg2 85. Qf3+ Kh2 86. Kf4 Qf2 87. Qxf2+ gxf2 88. Nf3+ Kg2 0-1

[Event "Team men HL chess"]
[Site "?"]
[Date "2015.05.06"]
[Round "6.3"]
[White "Vastrukhin, Oleg"]
[Black "Alagulian, Kamo"]
[Result "1-0"]
[WhiteElo "2386"]
[BlackElo "2294"]
[PlyCount "73"]
[EventDate "2015.05.01"]

1. Nf3 Nf6 2. g3 d5 3. Bg2 c6 4. O-O Bg4 5. Ne5 Bf5 6. c4 Nbd7 7. d4 e6 8. Qb3
Qb6 9. Nxd7 Nxd7 10. Nc3 Be7 11. e4 dxe4 12. Nxe4 O-O 13. Be3 Nf6 14. Nc5 Bxc5
15. dxc5 Qxb3 16. axb3 Rfd8 17. b4 Be4 18. Bxe4 Nxe4 19. Rfd1 Rxd1+ 20. Rxd1
Nf6 21. Bg5 a6 22. Bxf6 gxf6 23. Rd7 Rb8 24. Kg2 b6 25. b5 axb5 26. cxb5 cxb5
27. c6 Rc8 28. c7 Kg7 29. Kf3 f5 30. Ke3 e5 31. g4 f4+ 32. Ke4 Kf6 33. Kd5 e4
34. Kc6 e3 35. fxe3 f3 36. Rd5 Ke6 37. Rf5 1-0

[Event "Team men HL chess"]
[Site "?"]
[Date "2015.05.06"]
[Round "6.4"]
[White "Panarin, Mikhail"]
[Black "Alexeev, Alexey"]
[Result "1/2-1/2"]
[WhiteElo "2560"]
[BlackElo "2320"]
[PlyCount "73"]
[EventDate "2015.05.01"]

1. e4 e5 2. Nf3 Nc6 3. Bb5 Nge7 4. Nc3 d6 5. d4 a6 6. Bxc6+ Nxc6 7. dxe5 Nxe5
8. Nxe5 dxe5 9. Qxd8+ Kxd8 10. Bg5+ f6 11. O-O-O+ Bd6 12. Be3 Be6 13. Bc5 Ke7
14. Bxd6+ cxd6 15. b3 Rac8 16. Kb2 Rc6 17. Rd2 Rhc8 18. Nd1 g6 19. Rf1 b5 20.
Ne3 a5 21. a3 b4 22. axb4 axb4 23. Ra1 R8c7 24. Ra4 Rb6 25. g4 Rb8 26. Ra6 Rd7
27. Ra5 h5 28. h3 h4 29. f3 Rb6 30. Ng2 g5 31. Ne3 Rdb7 32. Rd1 Kd7 33. Ra8 Rb8
34. Ra7+ R8b7 35. Ra8 Rb8 36. Ra7+ R8b7 37. Ra8 1/2-1/2

[Event "Team men HL chess"]
[Site "?"]
[Date "2015.05.06"]
[Round "6.4"]
[White "Triapishko, Olexandr"]
[Black "Bryzgalin, Kirill"]
[Result "1/2-1/2"]
[WhiteElo "2393"]
[BlackElo "2450"]
[PlyCount "57"]
[EventDate "2015.05.01"]

1. e4 e5 2. Nf3 Nc6 3. Nc3 d6 4. d4 exd4 5. Nxd4 Nf6 6. Nxc6 bxc6 7. Bd3 Be7 8.
O-O O-O 9. b3 Nd7 10. Bb2 Bf6 11. f4 Nc5 12. Qd2 a5 13. Rad1 a4 14. e5 Be7 15.
Ne4 dxe5 16. Qf2 Qd5 17. Rfe1 Nxe4 18. Bxe4 Bc5 19. Bxd5 Bxf2+ 20. Kxf2 cxd5
21. Bxe5 axb3 22. axb3 Ra2 23. Rd2 c6 24. Bd6 Rd8 25. Bc7 Rf8 26. Bd6 Rd8 27.
Bc7 Rf8 28. Bd6 Rd8 29. Bc7 1/2-1/2

[Event "Team men HL chess"]
[Site "?"]
[Date "2015.05.06"]
[Round "6.4"]
[White "Lugovskoy, Maxim"]
[Black "Vasilevich, Tatjana"]
[Result "1-0"]
[WhiteElo "2435"]
[BlackElo "2404"]
[PlyCount "35"]
[EventDate "2015.05.01"]

1. e4 c5 2. Nf3 e6 3. d4 cxd4 4. Nxd4 Nc6 5. Nc3 Qc7 6. Be3 a6 7. Qf3 Nf6 8.
O-O-O Bb4 9. Nxc6 dxc6 10. Bd4 Bd6 11. Na4 e5 12. Bb6 Qb8 13. Qd3 Ke7 14. Qg3
Ne8 15. Rxd6 Nxd6 16. Qg5+ f6 17. Qxg7+ Nf7 18. Bc4 1-0

[Event "Team men HL chess"]
[Site "?"]
[Date "2015.05.06"]
[Round "6.5"]
[White "Ponomarenko, Alexandr"]
[Black "Akhmetov, Artiom"]
[Result "0-1"]
[WhiteElo "2234"]
[BlackElo "2481"]
[PlyCount "88"]
[EventDate "2015.05.01"]

1. e4 e5 2. Nf3 Nc6 3. Bb5 a6 4. Ba4 Nf6 5. O-O Be7 6. Re1 b5 7. Bb3 d6 8. c3
O-O 9. h3 Na5 10. Bc2 c5 11. d4 Qc7 12. Nbd2 Bd7 13. Nf1 cxd4 14. cxd4 Rac8 15.
Ne3 Nc6 16. Bb3 exd4 17. Nxd4 Rfe8 18. Nd5 Nxd5 19. Bxd5 Nxd4 20. Qxd4 Bf6 21.
Qb4 a5 22. Qd2 Be6 23. Rb1 b4 24. Qd1 Bxd5 25. Qxd5 Re5 26. Qd1 Qc6 27. f3 Rc5
28. Be3 Rc2 29. Rc1 Bxb2 30. Rxc2 Qxc2 31. Qxd6 Qc4 32. Rd1 h6 33. Qd7 Qe6 34.
Qa4 Rc3 35. Rd8+ Kh7 36. Re8 Qf6 37. Bf2 Rc1+ 38. Kh2 Be5+ 39. Rxe5 Qxe5+ 40.
Bg3 Qd4 41. Bf4 Rc5 42. Qe8 Qf6 43. Bg3 Rc2 44. e5 Qxf3 0-1

[Event "Team men HL chess"]
[Site "?"]
[Date "2015.05.06"]
[Round "6.5"]
[White "Vavulin, Maksim"]
[Black "Dulenko, Maxim"]
[Result "1-0"]
[WhiteElo "2442"]
[BlackElo "2140"]
[PlyCount "51"]
[EventDate "2015.05.01"]

1. e4 d5 2. exd5 Qxd5 3. Nc3 Qd6 4. d4 a6 5. Nf3 Nf6 6. g3 Bg4 7. Bg2 Nc6 8.
O-O O-O-O 9. d5 Nb4 10. h3 Bxf3 11. Qxf3 Nbxd5 12. Nxd5 Qxd5 13. Qe3 Qd4 14.
Qb3 Qb6 15. Qxf7 e6 16. Be3 c5 17. Rad1 Re8 18. Rd7 Nxd7 19. Qxe8+ Qd8 20. Qxe6
Qe7 21. Qb3 Nf6 22. Rd1 b5 23. Bf4 Qe2 24. Bf3 c4 25. Qc3 b4 26. Qd4 1-0

[Event "Team men HL chess"]
[Site "?"]
[Date "2015.05.06"]
[Round "6.5"]
[White "Zherebtsova, Alexandra"]
[Black "Savenkov, Konstantin"]
[Result "1-0"]
[WhiteElo "2184"]
[BlackElo "2332"]
[PlyCount "83"]
[EventDate "2015.05.01"]

1. d4 Nf6 2. Nf3 g6 3. Bf4 Bg7 4. h3 O-O 5. e3 d6 6. Be2 Nbd7 7. O-O b6 8. c3
Bb7 9. Nbd2 Qe8 10. Bh2 e5 11. dxe5 dxe5 12. Nc4 Ne4 13. Qc2 Rd8 14. b4 Qe7 15.
Rad1 Kh8 16. Nfd2 f5 17. Bf3 Nxd2 18. Nxd2 e4 19. Be2 Nf6 20. a3 g5 21. c4 Ne8
22. Nb3 Rxd1 23. Rxd1 f4 24. Nd4 c5 25. bxc5 bxc5 26. Nb5 Qf6 27. Bh5 a6 28.
Bxe8 axb5 29. Bxb5 fxe3 30. fxe3 g4 31. Bd6 Rc8 32. Bd7 Rd8 33. Bxc5 g3 34. Bg4
Rd3 35. Bd4 Qf7 36. Bxg7+ Kxg7 37. Rf1 Qe7 38. Qb2+ Kg8 39. Qb6 Rxa3 40. Be6+
Kg7 41. Qd4+ Kg6 42. Qe5 1-0

[Event "Team men HL chess"]
[Site "?"]
[Date "2015.05.06"]
[Round "6.5"]
[White "Shuvalova, Polina"]
[Black "Kayukov, Kirill"]
[Result "0-1"]
[WhiteElo "2212"]
[BlackElo "2071"]
[PlyCount "134"]
[EventDate "2015.05.01"]

1. e4 e6 2. d4 d5 3. Nd2 Nf6 4. e5 Nfd7 5. f4 c5 6. c3 Nc6 7. Ndf3 f6 8. Bd3
Be7 9. Ne2 cxd4 10. cxd4 f5 11. O-O a6 12. Kh1 b5 13. Be3 Nb6 14. b3 Bd7 15. g4
g6 16. gxf5 exf5 17. Ng5 h6 18. e6 hxg5 19. exd7+ Qxd7 20. fxg5 Bd6 21. Bf4
O-O-O 22. a4 Nb4 23. axb5 Nxd3 24. Qxd3 Qxb5 25. Qxb5 axb5 26. Rfc1+ Kb7 27.
Bxd6 Rxd6 28. Nf4 Rh4 29. Nd3 Nd7 30. Ra5 Rxd4 31. Rxb5+ Rb6 32. Nc5+ Nxc5 33.
Rbxc5 Rd2 34. Rc7+ Ka6 35. Kg1 Rxb3 36. R7c6+ Kb7 37. Rc7+ Kb6 38. R7c6+ Kb7
39. Rxg6 Rbb2 40. Rg7+ Kb6 41. Rg8 Rg2+ 42. Kf1 Rbf2+ 43. Ke1 Ra2 44. Kf1 Rxh2
45. Kg1 f4 46. Rg6+ Kb5 47. Rg8 f3 48. Rb8+ Ka6 49. Ra8+ Kb6 50. Rxa2 Rxa2 51.
Rc3 Rg2+ 52. Kf1 Rxg5 53. Rxf3 Re5 54. Rc3 Kb5 55. Kf2 d4 56. Rc8 Kb4 57. Kf3
d3 58. Rb8+ Kc3 59. Rc8+ Kb3 60. Rb8+ Kc2 61. Rc8+ Kd1 62. Kf2 d2 63. Rc7 Rf5+
64. Kg2 Ke2 65. Re7+ Kd3 66. Rd7+ Ke3 67. Kg1 Rf4 0-1

[Event "Team men HL chess"]
[Site "?"]
[Date "2015.05.06"]
[Round "6.6"]
[White "Smirnov, Timofey"]
[Black "Potapov, Alexey"]
[Result "1/2-1/2"]
[WhiteElo "2338"]
[BlackElo "2390"]
[PlyCount "51"]
[EventDate "2015.05.01"]

1. e4 e5 2. Nf3 Nc6 3. Bb5 Nge7 4. d4 exd4 5. Nxd4 Ng6 6. O-O Bc5 7. Be3 Nxd4
8. Bxd4 Bxd4 9. Qxd4 Qg5 10. e5 Nf4 11. g3 Ne6 12. Qe4 f5 13. Qd3 f4 14. Nc3
O-O 15. Bxd7 Bxd7 16. Qxd7 Qh6 17. Qb5 Qh3 18. Rfe1 Ng5 19. Qd5+ Kh8 20. Qg2
fxg3 21. hxg3 Nf3+ 22. Kf1 Nd2+ 23. Kg1 Nf3+ 24. Kf1 Nh2+ 25. Kg1 Nf3+ 26. Kf1
1/2-1/2

[Event "Team men HL chess"]
[Site "?"]
[Date "2015.05.06"]
[Round "6.6"]
[White "Benza, Artem"]
[Black "Tarasov, Alexandr"]
[Result "0-1"]
[WhiteElo "2369"]
[BlackElo "2261"]
[PlyCount "102"]
[EventDate "2015.05.01"]

1. c4 c5 2. g3 g6 3. Bg2 Bg7 4. Nc3 Nc6 5. Nf3 e6 6. O-O Nge7 7. a3 O-O 8. Rb1
d5 9. cxd5 exd5 10. d3 Bf5 11. e4 dxe4 12. dxe4 Bg4 13. h3 Be6 14. Bg5 h6 15.
Bf4 Qc8 16. h4 Rd8 17. Qc1 Bc4 18. Rd1 Rxd1+ 19. Qxd1 Qe6 20. Qd2 Rd8 21. Qe3
Nd4 22. Rd1 Nxf3+ 23. Bxf3 Rxd1+ 24. Nxd1 Bd4 25. Qd2 h5 26. Ne3 Nc6 27. b4
cxb4 28. axb4 b5 29. Nd5 Be5 30. Be3 Bd6 31. Bg2 Qe5 32. f4 Qa1+ 33. Kh2 Bf8
34. e5 Bxd5 35. Qxd5 Nxb4 36. Qxb5 Nc2 37. Bf2 Nd4 38. Qd7 Nf5 39. Bd5 Nh6 40.
e6 Qf1 41. e7 Qxf2+ 42. Kh3 Bxe7 43. Qxe7 Qxg3+ 44. Kxg3 Nf5+ 45. Kh3 Nxe7 46.
Bb3 Kg7 47. Kg3 Kf6 48. Ba4 a5 49. Bd1 Nd5 50. Kf3 Nc3 51. Bc2 a4 0-1

[Event "Team men HL chess"]
[Site "?"]
[Date "2015.05.06"]
[Round "6.6"]
[White "Payanidi, Janis"]
[Black "Pogosian, Georgy"]
[Result "1/2-1/2"]
[WhiteElo "2264"]
[BlackElo "2232"]
[PlyCount "126"]
[EventDate "2015.05.01"]

1. e4 e6 2. d4 d5 3. Nc3 Nf6 4. Bg5 dxe4 5. Nxe4 Be7 6. Bxf6 Bxf6 7. c3 Nd7 8.
Nf3 O-O 9. Bd3 e5 10. Nxf6+ Qxf6 11. O-O exd4 12. Nxd4 Ne5 13. Re1 c5 14. Nf3
Nxf3+ 15. Qxf3 Qxf3 16. gxf3 Be6 17. Be4 Rad8 18. b3 b6 19. Rad1 g5 20. Kg2 h5
21. Bc6 Kg7 22. Kg3 h4+ 23. Kg2 Kf6 24. Bb7 c4 25. bxc4 Bxc4 26. a3 Rfe8 27.
Be4 Bb3 28. Rb1 Ba4 29. Rb4 b5 30. Rd4 Rxd4 31. cxd4 Rd8 32. Rc1 Rxd4 33. Rc7
Bb3 34. Rc5 Be6 35. Rxb5 Ra4 36. Bd5 Bxd5 37. Rxd5 Rxa3 38. Rd6+ Ke5 39. Rd7 f6
40. Re7+ Kf5 41. Rb7 a5 42. Rb5+ Kf4 43. h3 Ra1 44. Rc5 a4 45. Rb5 Ra3 46. Rc5
f5 47. Rd5 Rxf3 48. Rd4+ Ke5 49. Rxa4 Rd3 50. Ra5+ Rd5 51. Ra4 Rd4 52. Ra3 g4
53. hxg4 fxg4 54. Ra8 Rd3 55. Re8+ Kf6 56. Rf8+ Ke5 57. Re8+ Kd5 58. Rd8+ Kc4
59. Rc8+ Kb3 60. Rb8+ Kc3 61. Rc8+ Kd2 62. Rc4 h3+ 63. Kh2 Ke2 1/2-1/2

[Event "Team men HL chess"]
[Site "?"]
[Date "2015.05.06"]
[Round "6.6"]
[White "Parfenov, Viktor N"]
[Black "Kovalev, Egor"]
[Result "1/2-1/2"]
[WhiteElo "2224"]
[BlackElo "2127"]
[PlyCount "81"]
[EventDate "2015.05.01"]

1. Nf3 Nf6 2. g3 g6 3. Bg2 Bg7 4. O-O O-O 5. c4 d5 6. cxd5 Nxd5 7. d4 Nb6 8.
Nc3 Nc6 9. e3 Re8 10. h3 e5 11. d5 Na5 12. Qc2 c6 13. b4 Nac4 14. dxc6 bxc6 15.
Nd2 Bf5 16. Nce4 Nxd2 17. Bxd2 Rc8 18. Rfd1 Qe7 19. Rac1 Red8 20. a3 Nd5 21.
Qc5 Bxe4 22. Qxe7 Nxe7 23. Bxe4 f5 24. Bc2 e4 25. Kf1 Rd6 26. Be1 Rcd8 27. Rxd6
Rxd6 28. b5 Bb2 29. Bb4 Bxc1 30. Bxd6 Kf7 31. Bb3+ Kf6 32. a4 cxb5 33. axb5 Nc8
34. Bc5 Bb2 35. Ke2 Bc3 36. f4 exf3+ 37. Kxf3 Be5 38. e4 fxe4+ 39. Kxe4 Nd6+
40. Bxd6 Bxd6 41. Kf3 1/2-1/2